Gentilés départementaux - Statistiques

Statistiques générales
  • Ce quiz a été pris 94 fois
  • Le résultat moyen est 43 sur 101
Statistiques - réponses
Département Gentilé masculin pluriel % Correct
Ardèche Ardéchois
86%
Aveyron Aveyronnais / Rouergats
83%
Charente Charentais
80%
Charente-Maritime Charentais / Maricharentais / Charentais-Maritime
80%
Ariège Ariégeois
76%
Aube Aubois
76%
Aude Audois
76%
Creuse Creusois
72%
Landes Landais / Landescots / Lanusquets
72%
Isère Isérois / Iserans
71%
Gers Gersois
70%
Paris Parisiens
70%
Ardennes Ardennais
69%
Corrèze Corréziens
69%
Gironde Girondins
69%
Vendée Vendéens
67%
La Réunion Réunionnais
66%
Martinique Martiniquais
65%
Drôme Drômois
64%
Guadeloupe Guadeloupéens
64%
Jura Jurassiens
64%
Savoie Savoyards
64%
Var Varois
64%
Haute-Corse Corses / Corses du Nord / Alticorses
63%
Corse-du-Sud Corses / Corses du Sud
63%
Sarthe Sarthois
63%
Vosges Vosgiens
63%
Gard Gardois
61%
Mayenne Mayennais
61%
Nord Nordistes
61%
Vienne Viennois
61%
Tarn Tarnais
59%
Finistère Finistériens
58%
Guyane Guyanais
58%
Marne Marnais
58%
Morbihan Morbihannais
58%
Lot Lotois
55%
Manche Manchois / Manchots
55%
Orne Ornais
55%
Haute-Savoie Haut-Savoyards
54%
Haute-Garonne Garonnais / Haut-Garonnais
53%
Lozère Lozériens
53%
Meuse Meusiens / Meusois
53%
Haute-Vienne Haut-Viennois
52%
Hérault Héraultais
52%
Yonne Icaunais / Yonnais
52%
Vaucluse Vauclusiens / Vauclusois
52%
Cantal Cantaliens / Cantalous
51%
Indre Indrois / Indriens / Berrichons
51%
Eure Eurois
49%
Hautes-Alpes Haut-Alpins
45%
Essonne Essonniens
43%
Oise Isariens / Oisiens
43%
Haute-Marne Haut-Marnais
42%
Moselle Mosellans
42%
Dordogne Périgourdins / Périgordins / Dordognots / Dordognais
42%
Yvelines Yvelinois
39%
Cher Chériens / Berrichons
37%
Hautes-Pyrénées Haut-Pyrénéens / Bigourdans
37%
Calvados Calvadosiens
36%
Doubs Doubiens / Doubistes
31%
Loire Ligériens
30%
Meurthe-et-Moselle Meurthe-et-Mosellans / Meurthois
29%
Tarn-et-Garonne Tarn-et-Garonnais
29%
Rhône Rhodaniens
28%
Val-de-Marne Val-de-Marnais
28%
Haut-Rhin Haut-Rhinois / Hauts-Rhinois
27%
Bas-Rhin Bas-Rhinois
25%
Nièvre Nivernais
25%
Lot-et-Garonne Lot-et-Garonnais
24%
Seine-et-Marne Seine-et-Marnais
24%
Territoire de Belfort Terrifortains / Belfortains
24%
Côtes-d'Armor Costarmoricains
23%
Pas-de-Calais Pas-de-Calaisiens
23%
Val-d'Oise Valdoisiens / Val-d'Oisiens
22%
Indre-et-Loire Tourangeaux / Indroligériens / Indréloiriens
20%
Mayotte Mahorais
19%
Allier Bourbonnais / Élavérins / Alliérins / Alliénais
18%
Haute-Loire Loirains / Altiligériens
18%
Pyrénées-Orientales Catalans / Nord-Catalans / Roussillonnais / Pyrénéens-Orientaux / Pyrénaliens
17%
Ain Aindinois
16%
Bouches-du-Rhône Bucco-Rhodaniens
16%
Deux-Sèvres Deux-Sévriens
16%
Haute-Saône Hauts-Saônois / Haut-Saônois
16%
Maine-et-Loire Angevins / Mainoligériens
14%
Alpes-de-Haute-Provence Bas-Alpins / Alpins de Haute-Provence
14%
Loiret Loirétains
14%
Pyrénées-Atlantiques Béarnais / Basques / Basco-Béarnais
13%
Loire-Atlantique Loirains / Mariligériens
13%
Puy-de-Dôme Puydômois
13%
Loir-et-Cher Loir-et-Chériens
12%
Côte-d'Or Côte-d'Oriens / Costaloriens
11%
Hauts-de-Seine Altoséquanais / Hauts-Seinais
10%
Ille-et-Vilaine Bretilliens
10%
Saône-et-Loire Saône-et-Loiriens
8%
Aisne Aisniers / Axonais
7%
Alpes-Maritimes Maralpins
7%
Seine-Saint-Denis Séquano-Dionysiens
6%
Seine-Maritime Seinomarins
5%
Eure-et-Loir Euréliens
4%
Somme Samariens
4%
Aucun quiz correspondant
Distribution des résultats
% des personnes avec chaque résultat
Percentile par nombre de réponses
Votre historique - résultats
Vous n’avez pas pris ce quiz